Guess the airline by its tail (Extreme) - Statistics

General Stats
  • This quiz has been taken 18 times
  • The average score is 7 of 20
Answer Stats
Picture Answer % Correct
Westjet
71%
Eurowings
57%
Fiji Airways
57%
Royal Jordanian
50%
Saudia
50%
Oman Air
43%
Aegean Airlines
36%
Air Greenland
36%
Copa Airlines
36%
Gulf Air
36%
Iran Air
36%
Sichuan Airlines
36%
Turkmenistan Airlines
36%
Volaris
36%
Aeroitalia
29%
Vistara
29%
Volotea
29%
Air Montenegro
14%
Contour Airlines
14%
Tunisair
14%
No matching quizzes found
Score Distribution
Percent of People with Each Score
Percentile by Number Answered
Your Score History
You have not taken this quiz